<The> Economic History Review Second Series

Na minha lista:
Detalhes bibliográficos
Formato: Periódico
Idioma:inglês
Publicado em: Hertfordshire Broadwater Press 1977
Assuntos:
Tags: Adicionar Tag
Sem tags, seja o primeiro a adicionar uma tag!

MARC

LEADER 00000nas2a2200000 4500
001 s006249
005 20240109075909.4
041 0 |a eng 
044 |a GB 
245 1 0 |a <The> Economic History Review  |b Second Series 
264 1 |a Hertfordshire  |b Broadwater Press  |c 1977 
300 |a 1 zv. 
773 0 |w eu_un_cat*s120439 
610 2 0 |a ekonómia 
610 2 0 |a história